000 00852nam a2200241Ia 4500
003 GCL
008 140319s9999 xx 000 0 ara d
020 _a9232314977
040 _aGCL /
_cGCL
082 0 4 _a303.323
_bح م
100 1 _aحسن مصطفى عبدالمعطي
245 1 0 _aالمناخ الاسرى وشخصية الابناء /
_cحسن مصطفى عبدالمعطي
250 _aالاولى
260 _aالقاهرة :
_bدار القاهرة ،
_c2004
300 _a361 ص ؛
_c24 سم
490 _aفى الصحة النفسية
_v2
650 0 4 _aالمخدرات والشباب
650 0 4 _aالعلاقات الاسرية
650 0 4 _aالزواج ( الشريعة الاسلامية )
650 0 4 _aالمشاكل الاجتماعية
650 0 4 _aالاسرة - تاثيرات نفسية
942 _2ddc
_cBK
999 _c57123
_d57123